000 00868nam a22002177a 4500
003 OSt
005 20170703112952.0
008 170703s2016 ua f b 000 ara d
020 _a9789777611237
040 _aMa-Un
_bara
_cDar Arab
082 _221
_a342.56706
_bر ر ت
100 1 _aراضي، رنا محمد
_916547
245 1 2 _aالتحكيم في العقود الإدارية :
_bدراسة مقارنة /
_cرنا محمد راضي.
250 _aط. 1.
260 _aالقاهرة :
_bالمركز القومي للإصدارات القانونية،
_c2016.
300 _a150 ص. ؛
_c24 سم.
504 _aيشتمل على إرجاعات ببليوجرافية.
650 4 _aالتحكيم (قانون إداري)
_zالعراق
_957856
650 4 _aالعقود الإدارية
_xقوانين وتشريعات
_zالعراق
_953260
942 _cBOOK
999 _c40207
_d309827